00440pab a2200145 454500008004000000100001800040245011800058260000900176300001300185362000800198650003300206650001100239700001500250773002900265180718b2009 xxu||||| |||| 00| 0 eng d aRamotra, K.C. aGrowth and distribution of tribal population in Dhule-Nandurbar districts of Maharashtra: a geographical analysis c2009 ap.15-24. aMar aTribes - India - Maharashtra aTribes aMote, Y.S. aTribal Research Bulletin